00376nam a2200121Ia 4500008004100000041000800041082000800049100006300057245007300120260003200193300000800225520002100233221007s9999 xx 000 0 und d aeng bKAD aKadam Sheetal - 2K101143 & Prof .Manasi Javadekar - Guide aStudy of Employee Welfare Schemes Applied in SSV Engineers Pvt. Ltd. c2012bPune UniversityaPune a74p aJavadekar Manasi